Sports Quiz

Random Sports or Olympics Quiz

Men's Olympic Shot Put Medal-winning Countries Quiz Stats

 Plays Quiz not verified by Sporcle

Score 0/84 Timer 03:00
0 Plays Today
Hint Answer % Correct
London 2012United States
100%
Beijing 2008United States
100%
Athens 2004United States
100%
Sydney 2000United States
100%
Sydney 2000United States
100%
Atlanta 1996United States
100%
Atlanta 1996United States
100%
Barcelona 1992United States
100%
Barcelona 1992United States
100%
Seoul 1988United States
100%
Los Angeles 1984United States
100%
Los Angeles 1984United States
100%
Munich 1972United States
100%
Mexico City 1968United States
100%
Mexico City 1968United States
100%
Tokyo 1964United States
100%
Tokyo 1964United States
100%
Rome 1960United States
100%
Rome 1960United States
100%
Rome 1960United States
100%
Melbourne 1956United States
100%
Melbourne 1956United States
100%
Helsinki 1952United States
100%
Helsinki 1952United States
100%
Helsinki 1952United States
100%
London 1948United States
100%
London 1948United States
100%
London 1948United States
100%
Hint Answer % Correct
Los Angeles 1932United States
100%
Los Angeles 1932United States
100%
Amsterdam 1928United States
100%
Amsterdam 1928United States
100%
Paris 1924United States
100%
Paris 1924United States
100%
Paris 1924United States
100%
Antwerp 1920United States
100%
Stockholm 1912United States
100%
Stockholm 1912United States
100%
Stockholm 1912United States
100%
London 1908United States
100%
London 1908United States
100%
St. Louis 1904United States
100%
St. Louis 1904United States
100%
St. Louis 1904United States
100%
Paris 1900United States
100%
Paris 1900United States
100%
Paris 1900United States
100%
Athens 1896United States
100%
Rio de Janeiro 2016United States
100%
Rio de Janeiro 2016United States
100%
London 2012Germany
95.8%
Berlin 1936Germany
95.8%
Berlin 1936Germany
95.8%
Amsterdam 1928Germany
95.8%
London 1908Great Britain
91.2%
Barcelona 1992Unified Team
88.8%
Hint Answer % Correct
Moscow 1980Soviet Union
88.8%
Moscow 1980Soviet Union
88.8%
Montreal 1976Soviet Union
88.8%
Montreal 1976Soviet Union
88.8%
Mexico City 1968Soviet Union
88.8%
London 2012Poland
84.7%
Beijing 2008Poland
84.7%
Munich 1972Poland
84.7%
Seoul 1988East Germany
81.9%
Moscow 1980East Germany
81.9%
Montreal 1976East Germany
81.9%
Munich 1972East Germany
81.9%
Beijing 2008Canada
74%
Los Angeles 1984Italy
69.8%
Athens 1896Greece
69.8%
Athens 1896Greece
69.8%
Sydney 2000Finland
63.3%
Berlin 1936Finland
63.3%
Antwerp 1920Finland
63.3%
Antwerp 1920Finland
63.3%
Rio de Janeiro 2016New Zealand
62.6%
Atlanta 1996Ukraine
60.9%
Athens 2004Spain
57.7%
Tokyo 1964Hungary
56.7%
Melbourne 1956Czechoslovakia
50.2%
Los Angeles 1932Czechoslovakia
50.2%
Athens 2004Denmark
44.2%
Seoul 1988Switzerland
40%

You're not logged in!

Compare scores with friends on all Sporcle quizzes.
OR
Log In

Sporcle TV

Today on Sporcle TV


Watch our educational content, quiz creation guides, and fun videos on Sporcle TV.

Show Comments

Extras

Top Quizzes Today


Score Distribution

Your Account Isn't Verified!

In order to create a playlist on Sporcle, you need to verify the email address you used during registration. Go to your Sporcle Settings to finish the process.

Report this User

Report this user for behavior that violates our Community Guidelines.

Details: